[Event "2016 Redpath Mining Millionaire Chess Open"]
[Site "Venue: Old Ed’s Sports Complex, Houghton, Johannesburg"]
[Date "2016.07.17"]
[Round "8"]
[Board "18"]
[White "Shaw, Laurie Ann"]
[Black "Claassen, Jean-Daniel"]
[Result "0-1"]
[WhiteElo "1443"]
[BlackElo "1436"]
[PlyCount "0"]
[EventDate "2016.07.13"]
[EventRounds "9"]
[EventCountry "RSA"]

1. d4 {[%clk 1:30:58]} Nf6 {[%clk 1:30:51]} 2. c4 {[%clk 1:31:22]} c5
{[%clk 1:30:49]} 3. d5 {[%clk 1:31:42]} b5 {[%clk 1:30:54]} 4. cxb5
{[%clk 1:32:01]} a6 {[%clk 1:31:16]} 5. b6 {[%clk 1:32:23]} Qxb6 {[%clk 1:31:06]}
6. Nc3 {[%clk 1:32:43]} g6 {[%clk 1:31:09]} 7. Nf3 {[%clk 1:32:59]} d6
{[%clk 1:31:26]} 8. e4 {[%clk 1:33:05]} Bg4 {[%clk 1:31:32]} 9. Be2
{[%clk 1:33:20]} Nbd7 {[%clk 1:31:29]} 10. O-O {[%clk 1:32:35]} Bg7
{[%clk 1:30:46]} 11. Nd2 {[%clk 1:32:03]} Bxe2 {[%clk 1:24:10]} 12. Qxe2
{[%clk 1:32:21]} O-O {[%clk 1:23:28]} 13. a4 {[%clk 1:32:26]} Ne5
{[%clk 1:21:50]} 14. a5 {[%clk 1:22:56]} Qc7 {[%clk 1:18:42]} 15. f4
{[%clk 1:12:52]} Ned7 {[%clk 1:18:22]} 16. Nc4 {[%clk 1:10:46]} Qb7
{[%clk 1:15:54]} 17. Kh1 {[%clk 1:06:29]} Ne8 {[%clk 1:08:22]} 18. Qc2
{[%clk 1:00:14]} Nc7 {[%clk 1:07:07]} 19. Ra3 {[%clk 0:51:36]} Nb5
{[%clk 1:04:11]} 20. Rb3 {[%clk 0:51:37]} Rfb8 {[%clk 1:04:11]} 21. Na4
{[%clk 0:42:28]} Qc7 {[%clk 1:01:08]} 22. Be3 {[%clk 0:36:16]} Re8
{[%clk 0:59:11]} 23. Nab6 {[%clk 0:26:52]} Nxb6 {[%clk 0:59:12]} 24. Nxb6
{[%clk 0:26:30]} Rab8 {[%clk 0:54:49]} 25. Qf2 {[%clk 0:17:17]} Nd4
{[%clk 0:51:38]} 26. Bxd4 {[%clk 0:15:48]} Bxd4 {[%clk 0:51:40]} 27. Qh4
{[%clk 0:15:10]} Bf6 {[%clk 0:49:23]} 28. Qf2 {[%clk 0:14:13]} e6
{[%clk 0:47:11]} 29. Rh3 {[%clk 0:11:11]} Bg7 {[%clk 0:43:05]} 30. Qh4
{[%clk 0:10:02]} h6 {[%clk 0:42:23]} 31. b3 {[%clk 0:09:42]} exd5
{[%clk 0:42:22]} 32. Nxd5 {[%clk 0:10:00]} Qd8 {[%clk 0:39:10]} 33. Qxd8
{[%clk 0:08:54]} Rbxd8 {[%clk 0:39:26]} 34. Re3 {[%clk 0:08:41]} Bd4
{[%clk 0:38:49]} 35. Re2 {[%clk 0:08:21]} f5 {[%clk 0:38:12]} 36. Nc7
{[%clk 0:07:52]} Rxe4 {[%clk 0:37:18]} 37. Rxe4 {[%clk 0:08:17]} fxe4
{[%clk 0:37:33]} 38. Re1 {[%clk 0:08:23]} e3 {[%clk 0:37:44]} 39. Nxa6
{[%clk 0:08:20]} Ra8 {[%clk 0:37:52]} 40. Nc7 {[%clk 0:08:43]} Rxa5
{[%clk 0:38:08]} 41. Nd5 {[%clk 0:08:35]} Ra2 {[%clk 0:38:11]} 42. g3
{[%clk 0:07:46]} e2 {[%clk 0:38:06]} 43. Kg2 {[%clk 0:06:43]} Rb2
{[%clk 0:37:16]} 44. g4 {[%clk 0:05:57]} h5 {[%clk 0:37:21]} 45. h3
{[%clk 0:05:55]} Kf7 {[%clk 0:37:32]} 46. f5 {[%clk 0:05:03]} hxg4
{[%clk 0:37:32]} 47. hxg4 {[%clk 0:05:15]} Be5 {[%clk 0:37:22]} 48. Kf2
{[%clk 0:03:12]} gxf5 {[%clk 0:36:45]} 49. gxf5 {[%clk 0:03:36]} Rd2
{[%clk 0:33:48]} 50. Ne3 {[%clk 0:03:10]} Kf6 {[%clk 0:33:44]} 51. Rxe2
{[%clk 0:03:24]} Bg3+ {[%clk 0:33:56]} 52. Kf3 {[%clk 0:03:42]} Rxe2
{[%clk 0:34:03]} 53. Kxe2 {[%clk 0:04:03]} Ke5 {[%clk 0:34:24]} 54. Kd3
{[%clk 0:03:14]} d5 {[%clk 0:34:27]} 55. f6 {[%clk 0:03:12]} Bh4 {[%clk 0:33:59]}
56. f7 {[%clk 0:03:19]} Be7 {[%clk 0:34:18]} 57. Nxd5 {[%clk 0:02:38]} Kxd5
{[%clk 0:34:32]} 58. Kc3 {[%clk 0:02:57]} Ke6 {[%clk 0:34:31]} 59. Kc4
{[%clk 0:02:37]} Kxf7 {[%clk 0:34:27]} 60. Kd5 {[%clk 0:01:59]} Kf6
{[%clk 0:34:45]} 61. Kc4 {[%clk 0:01:02]} Ke5 {[%clk 0:35:07]} 62. Kd3
{[%clk 0:00:58]} Kf4 {[%clk 0:35:04]} 63. Kc4 {[%clk 0:00:56]} Ke4
{[%clk 0:35:24]} 64. Kc3 {[%clk 0:00:50]} Ke3 {[%clk 0:35:41]} 65. Kc2
{[%clk 0:00:51]} Bf6 {[%clk 0:36:00]} 66. Kb1 {[%clk 0:01:02]} Kd3
{[%clk 0:36:17]} 67. Ka2 {[%clk 0:01:01]} Kc3 {[%clk 0:36:36]} 68. Ka3
{[%clk 0:01:11]} Be7 {[%clk 0:36:58]} 69. Ka4 {[%clk 0:01:18]} Bf8
{[%clk 0:37:13]} 70. Ka3 {[%clk 0:01:09]} c4+ {[%clk 0:37:33]} 71. Ka2
{[%clk 0:01:31]} cxb3+ {[%clk 0:37:56]} 72. Kb1 {[%clk 0:01:46]} b2
{[%clk 0:38:03]} 73. Ka2 {[%clk 0:02:04]} Bg7 {[%clk 0:37:43]} 74. Kb1
{[%clk 0:02:16]} Kd2 {[%clk 0:38:00]} 75. Ka2 {[%clk 0:02:28]} Kc2
{[%clk 0:38:28]} 76. Ka3 {[%clk 0:02:45]} Bf8+ {[%clk 0:38:31]} 77. Ka4
{[%clk 0:03:03]} b1=Q {[%clk 0:38:51]} 78. Ka5 {[%clk 0:03:24]} Qb

[Event "2016 Redpath Mining Millionaire Chess Open"]
[Site "Venue: Old Ed’s Sports Complex, Houghton, Johannesburg"]
[Date "2016.07.17"]
[Round "8"]
[Board "19"]
[White "Marais, Alwyn Johannes"]
[Black "Nyathi, Musa"]
[Result "0-1"]
[WhiteElo "1095"]
[BlackElo "1366"]
[PlyCount "0"]
[EventDate "2016.07.13"]
[EventRounds "9"]
[EventCountry "RSA"]

1. e4 {[%clk 1:30:56]} e5 {[%clk 1:30:37]} 2. Nf3 {[%clk 1:29:53]} d6
{[%clk 1:30:19]} 3. d4 {[%clk 1:29:40]} exd4 {[%clk 1:30:42]} 4. Qxd4
{[%clk 1:29:41]} Nc6 {[%clk 1:31:03]} 5. Qa4 {[%clk 1:29:01]} Bd7
{[%clk 1:31:03]} 6. Nc3 {[%clk 1:27:43]} Nf6 {[%clk 1:30:42]} 7. Be2
{[%clk 1:26:08]} Be7 {[%clk 1:30:53]} 8. Bf4 {[%clk 1:25:22]} a6 {[%clk 1:31:02]}
9. Qb3 {[%clk 1:24:51]} Rb8 {[%clk 1:30:45]} 10. a4 {[%clk 1:24:11]} Be6
{[%clk 1:29:04]} 11. Nd5 {[%clk 1:22:52]} Nxe4 {[%clk 1:28:44]} 12. c4
{[%clk 1:20:38]} Nf6 {[%clk 1:21:05]} 13. O-O {[%clk 1:14:38]} O-O
{[%clk 1:20:36]} 14. Rad1 {[%clk 1:14:05]} a5 {[%clk 1:18:29]} 15. Qc2
{[%clk 1:13:07]} Bxd5 {[%clk 1:18:39]} 16. cxd5 {[%clk 1:13:06]} Nb4
{[%clk 1:19:02]} 17. Qc4 {[%clk 1:10:59]} Qd7 {[%clk 1:16:35]} 18. Qb3
{[%clk 1:08:50]} Qf5 {[%clk 1:15:51]} 19. Bg5 {[%clk 1:06:00]} Nfxd5
{[%clk 1:15:40]} 20. Bxe7 {[%clk 1:05:53]} Nxe7 {[%clk 1:16:01]} 21. Nd4
{[%clk 1:04:37]} Qd7 {[%clk 1:14:21]} 22. Nb5 {[%clk 1:03:10]} d5
{[%clk 1:13:27]} 23. Rd4 {[%clk 1:01:32]} c6 {[%clk 1:13:33]} 24. Nc3
{[%clk 1:01:40]} Ng6 {[%clk 1:13:47]} 25. Bg4 {[%clk 1:00:31]} Qe7
{[%clk 1:11:34]} 26. Ne2 {[%clk 0:57:38]} c5 {[%clk 1:09:48]} 27. Rd2
{[%clk 0:55:14]} Qg5 {[%clk 1:07:37]} 28. f4 {[%clk 0:53:19]} Qxg4
{[%clk 1:07:25]} 0-1

[Event "2016 Redpath Mining Millionaire Chess Open"]
[Site "Venue: Old Ed’s Sports Complex, Houghton, Johannesburg"]
[Date "2016.07.17"]
[Round "8"]
[Board "20"]
[White "Odendaal, Ruben Lourens"]
[Black "Claassen, Gabriella"]
[Result "0-1"]
[WhiteElo "1300"]
[BlackElo "1122"]
[PlyCount "0"]
[EventDate "2016.07.13"]
[EventRounds "9"]
[EventCountry "RSA"]

1. e4 {[%clk 1:30:58]} c5 {[%clk 1:30:54]} 2. d4 {[%clk 1:31:15]} cxd4
{[%clk 1:31:08]} 3. c3 {[%clk 1:31:43]} dxc3 {[%clk 1:31:11]} 4. Nxc3
{[%clk 1:32:06]} g6 {[%clk 1:30:53]} 5. Bc4 {[%clk 1:32:15]} Bg7 {[%clk 1:30:12]}
6. Nf3 {[%clk 1:32:17]} Nc6 {[%clk 1:28:26]} 7. O-O {[%clk 1:30:13]} e6
{[%clk 1:26:12]} 8. Bf4 {[%clk 1:28:50]} Qb6 {[%clk 1:22:18]} 9. Qb3
{[%clk 1:25:09]} Qc5 {[%clk 1:18:49]} 10. Rab1 {[%clk 1:16:01]} b6
{[%clk 1:16:04]} 11. Nb5 {[%clk 1:15:03]} Kd8 {[%clk 1:11:44]} 12. Bd6
{[%clk 1:13:57]} Na5 {[%clk 1:10:43]} 13. Bxc5 {[%clk 1:13:27]} Nxb3
{[%clk 1:10:18]} 14. Bxb6+ {[%clk 1:13:55]} axb6 {[%clk 1:10:05]} 15. axb3
{[%clk 1:13:39]} Ne7 {[%clk 1:08:29]} 16. Nd6 {[%clk 1:12:59]} Rf8
{[%clk 1:08:26]} 17. Ng5 {[%clk 1:13:04]} f6 {[%clk 1:07:40]} 18. Nxc8
{[%clk 1:12:29]} Rxc8 {[%clk 1:07:36]} 19. Nf3 {[%clk 1:10:48]} Rc5
{[%clk 1:04:30]} 20. Rfd1 {[%clk 1:09:50]} d5 {[%clk 1:03:00]} 21. Nd4
{[%clk 0:50:06]} Kd7 {[%clk 1:01:51]} 22. exd5 {[%clk 0:48:15]} exd5
{[%clk 1:01:40]} 23. Ne2 {[%clk 0:47:58]} Ke8 {[%clk 1:01:02]} 24. b4
{[%clk 0:46:38]} Rxc4 {[%clk 1:00:16]} 25. Nc3 {[%clk 0:46:12]} Rxb4
{[%clk 0:57:44]} 26. Nxd5 {[%clk 0:45:50]} Nxd5 {[%clk 0:57:53]} 27. Rxd5
{[%clk 0:45:43]} Rf7 {[%clk 0:57:06]} 28. Rbd1 {[%clk 0:45:37]} Re7
{[%clk 0:55:51]} 29. Rd8+ {[%clk 0:44:28]} Kf7 {[%clk 0:55:50]} 30. Rb1
{[%clk 0:43:29]} Rxb2 {[%clk 0:53:37]} 31. Rdd1 {[%clk 0:43:39]} Rxb1
{[%clk 0:53:31]} 32. Rxb1 {[%clk 0:44:07]} f5 {[%clk 0:52:59]} 33. g3
{[%clk 0:44:33]} Bd4 {[%clk 0:52:22]} 34. Rd1 {[%clk 0:44:44]} Bc5
{[%clk 0:51:45]} 35. Kf1 {[%clk 0:44:43]} b5 {[%clk 0:50:52]} 36. Re1
{[%clk 0:44:51]} Rxe1+ {[%clk 0:50:59]} 37. Kxe1 {[%clk 0:45:16]} Ke6
{[%clk 0:51:12]} 38. f3 {[%clk 0:45:34]} b4 {[%clk 0:51:18]} 39. Kd2
{[%clk 0:45:54]} Kd5 {[%clk 0:51:23]} 40. Kd3 {[%clk 0:46:07]} Bg1
{[%clk 0:50:43]} 41. h3 {[%clk 0:46:34]} h5 {[%clk 0:50:09]} 42. g4
{[%clk 0:46:49]} hxg4 {[%clk 0:49:19]} 43. hxg4 {[%clk 0:47:17]} fxg4
{[%clk 0:49:22]} 44. fxg4 {[%clk 0:47:41]} Bd4 {[%clk 0:49:13]} 45. Kd2
{[%clk 0:47:12]} Kc4 {[%clk 0:49:18]} 46. Kc2 {[%clk 0:47:31]} b3+
{[%clk 0:49:21]} 47. Kb1 {[%clk 0:47:48]} Kb4 {[%clk 0:49:12]} 48. g5
{[%clk 0:47:58]} Ka3 {[%clk 0:49:23]} 49. Kc1 {[%clk 0:47:47]} Ka2
{[%clk 0:49:25]} 50. Kd2 {[%clk 0:48:06]} b2 {[%clk 0:49:29]} 51. Kd3
{[%clk 0:48:35]} Bb6 {[%clk 0:49:16]} 52. Ke4 {[%clk 0:48:54]} b1=Q+
{[%clk 0:49:20]} 53. Ke5 {[%clk 0:49:19]} Qd3 {[%clk 0:48:08]} 54. Kf6
{[%clk 0:49:35]} Qe4 {[%clk 0:47:44]} 55. Kf7 {[%clk 0:49:51]} Bd4
{[%clk 0:47:25]} 56. Kg8 {[%clk 0:50:07]} Qe5 {[%clk 0:46:22]} 57. Kf7
{[%clk 0:50:04]} Qxg5 {[%clk 0:46:21]} 58. Kg8 {[%clk 0:50:19]} Qf6
{[%clk 0:44:39]} 59. Kh7 {[%clk 0:50:07]} Qg7# {[%clk 0:44:50]} 0-1

[Event "2016 Redpath Mining Millionaire Chess Open"]
[Site "Venue: Old Ed’s Sports Complex, Houghton, Johannesburg"]
[Date "2016.07.17"]
[Round "8"]
[Board "21"]
[White "Moremi, Thato"]
[Black "Odendaal, Mikhal Marcus"]
[Result "1-0"]
[WhiteElo "1576"]
[BlackElo "932"]
[PlyCount "0"]
[EventDate "2016.07.13"]
[EventRounds "9"]
[EventCountry "RSA"]

1. d4 {[%clk 1:30:58]} d5 {[%clk 1:30:26]} 2. Bf4 {[%clk 1:31:10]} Nf6
{[%clk 1:30:03]} 3. e3 {[%clk 1:29:42]} Bf5 {[%clk 1:29:55]} 4. Bd3
{[%clk 1:28:59]} Bxd3 {[%clk 1:27:54]} 5. Qxd3 {[%clk 1:28:40]} e6
{[%clk 1:26:33]} 6. Qb5+ {[%clk 1:22:31]} Nbd7 {[%clk 1:25:04]} 7. Qxb7
{[%clk 1:19:01]} Rb8 {[%clk 1:23:23]} 8. Qxa7 {[%clk 1:06:11]} Rxb2
{[%clk 1:23:08]} 9. c3 {[%clk 1:00:39]} Bd6 {[%clk 1:22:18]} 10. Bxd6
{[%clk 0:57:48]} cxd6 {[%clk 1:19:25]} 11. Nd2 {[%clk 0:55:20]} O-O
{[%clk 1:18:14]} 12. Ngf3 {[%clk 0:53:23]} Qc8 {[%clk 1:17:30]} 13. Qa3
{[%clk 0:49:25]} Rb6 {[%clk 1:15:11]} 14. O-O {[%clk 0:49:07]} Ra6
{[%clk 1:12:39]} 15. Qb3 {[%clk 0:49:24]} Rb6 {[%clk 1:12:24]} 16. Qc2
{[%clk 0:49:11]} Qc7 {[%clk 1:11:19]} 17. a4 {[%clk 0:46:05]} Rc6
{[%clk 1:10:23]} 18. Rfc1 {[%clk 0:38:46]} Rb8 {[%clk 1:09:24]} 19. Ra3
{[%clk 0:38:06]} Rb4 {[%clk 1:04:22]} 20. Qd3 {[%clk 0:35:16]} Rb8
{[%clk 1:02:38]} 21. g3 {[%clk 0:35:03]} Qb7 {[%clk 1:01:01]} 22. Rb1
{[%clk 0:34:50]} Qc7 {[%clk 1:00:40]} 23. Rxb8+ {[%clk 0:35:02]} Nxb8
{[%clk 1:00:43]} 24. Ne1 {[%clk 0:34:48]} Nbd7 {[%clk 1:00:13]} 25. Nc2
{[%clk 0:32:44]} Qc8 {[%clk 0:57:04]} 26. Nb4 {[%clk 0:33:04]} Rc7
{[%clk 0:56:45]} 27. a5 {[%clk 0:32:07]} Ra7 {[%clk 0:55:55]} 28. Qb5
{[%clk 0:32:07]} Ne8 {[%clk 0:54:31]} 29. Nc6 {[%clk 0:31:49]} Rb7
{[%clk 0:52:37]} 30. Ne7+ {[%clk 0:30:56]} Kf8 {[%clk 0:52:50]} 31. Nxc8
{[%clk 0:31:22]} Rxb5 {[%clk 0:52:51]} 32. Na7 {[%clk 0:31:37]} Rb7
{[%clk 0:52:48]} 33. Nc6 Rc7 {[%clk 0:51:28]} 34. Nb4 {[%clk 0:31:44]} Ra7
{[%clk 0:51:29]} 35. Kf1 {[%clk 0:31:33]} Nc7 {[%clk 0:51:31]} 36. c4
{[%clk 0:31:11]} dxc4 {[%clk 0:51:22]} 37. Nxc4 {[%clk 0:31:34]} Nb5
{[%clk 0:51:50]} 38. Ra1 {[%clk 0:31:31]} d5 {[%clk 0:51:56]} 39. Nb2
{[%clk 0:30:26]} Nf6 {[%clk 0:51:09]} 40. Ke2 {[%clk 0:30:38]} Nc3+
{[%clk 0:51:02]} 41. Kd3 {[%clk 0:29:59]} Nfe4 {[%clk 0:51:11]} 42. f3
{[%clk 0:30:18]} Rc7 {[%clk 0:50:31]} 43. fxe4 {[%clk 0:30:33]} dxe4+
{[%clk 0:50:49]} 44. Kd2 {[%clk 0:30:22]} Nb5 {[%clk 0:50:27]} 45. Na4
{[%clk 0:30:26]} Ke7 {[%clk 0:49:14]} 46. Nc5 {[%clk 0:30:06]} Nd6
{[%clk 0:48:53]} 47. a6 {[%clk 0:30:29]} Rc8 {[%clk 0:48:17]} 48. a7
{[%clk 0:25:58]} Ra8 {[%clk 0:48:34]} 49. Kc3 {[%clk 0:25:06]} Nb5+
{[%clk 0:48:34]} 50. Kb3 {[%clk 0:25:03]} Rxa7 {[%clk 0:48:59]} 51. Nc6+
{[%clk 0:25:19]} 1-0

[Event "2016 Redpath Mining Millionaire Chess Open"]
[Site "Venue: Old Ed’s Sports Complex, Houghton, Johannesburg"]
[Date "2016.07.17"]
[Round "8"]
[Board "22"]
[White "Tabane, Gomolemo"]
[Black "Arjunan, Zander"]
[Result "0-1"]
[WhiteElo "647"]
[BlackElo "715"]
[PlyCount "0"]
[EventDate "2016.07.13"]
[EventRounds "9"]
[EventCountry "RSA"]

1. e4 e5 2. Nf3 Nc6 3. Nc3 Nf6 4. d3 Bc5 5. Be2 O-O 6. O-O d6 7. Bd2 Be6 8. Ng5
Nd4 9. Bg4 Bxg4 10. Qxg4 Nxg4 11. Nh3 Nxc2 12. Rac1 Nd4 13. Be3 f5 14. exf5 Rxf5
15. Bd2 Qf6 16. Be3 Rf8 17. Bxd4 Bxd4 18. Rc2 Bxf2+ 19. Nxf2 Nxf2 20. Rfxf2 Rxf2
21. Rxf2 Qxf2+ 22. Kh1 Qf1# 0-1

[Event "2016 Redpath Mining Millionaire Chess Open"]
[Site "Venue: Old Ed’s Sports Complex, Houghton, Johannesburg"]
[Date "2016.07.17"]
[Round "9"]
[Board "2"]
[White "Agostinho, Diogo"]
[Black "Thabethe, Nhlanhla"]
[Result "1-0"]
[WhiteElo "2055"]
[BlackElo "1802"]
[PlyCount "0"]
[EventDate "2016.07.13"]
[EventRounds "9"]
[EventCountry "RSA"]

1. e4 {[%clk 1:30:52]} e6 {[%clk 1:28:41]} 2. f4 {[%clk 1:29:29]} d5
{[%clk 1:28:20]} 3. exd5 {[%clk 1:29:50]} exd5 {[%clk 1:28:02]} 4. Nf3
{[%clk 1:30:09]} Nf6 {[%clk 1:28:12]} 5. Be2 {[%clk 1:28:56]} Be7
{[%clk 1:28:16]} 6. O-O {[%clk 1:29:17]} d4 {[%clk 1:25:42]} 7. d3
{[%clk 1:28:20]} O-O {[%clk 1:25:41]} 8. Nbd2 {[%clk 1:28:32]} c5
{[%clk 1:25:06]} 9. Ne5 {[%clk 1:27:08]} Nbd7 {[%clk 1:22:58]} 10. Nxd7
{[%clk 1:23:53]} Bxd7 {[%clk 1:21:58]} 11. Bf3 {[%clk 1:24:16]} Qc7
{[%clk 1:22:11]} 12. Nc4 {[%clk 1:23:17]} Bc6 {[%clk 1:22:19]} 13. Bd2
{[%clk 1:20:42]} Rad8 {[%clk 1:19:40]} 14. Bxc6 {[%clk 1:16:02]} Qxc6
{[%clk 1:19:00]} 15. Ne5 {[%clk 1:16:20]} Qb5 {[%clk 1:18:51]} 16. b3
{[%clk 1:16:29]} Nd5 {[%clk 1:18:43]} 17. Qf3 {[%clk 1:14:39]} Bf6
{[%clk 1:18:37]} 18. a4 {[%clk 1:14:16]} Qb6 {[%clk 1:17:17]} 19. Ng4
{[%clk 1:13:54]} Rfe8 {[%clk 1:12:13]} 20. Rae1 {[%clk 1:09:59]} Bh4
{[%clk 1:05:29]} 21. Rxe8+ {[%clk 1:09:56]} Rxe8 {[%clk 1:05:52]} 22. Qxd5
{[%clk 1:10:00]} Re2 {[%clk 1:06:16]} 23. Rd1 {[%clk 1:08:20]} Qg6
{[%clk 1:06:04]} 24. Qf3 {[%clk 1:07:47]} Re8 {[%clk 1:05:12]} 25. g3
{[%clk 1:07:48]} Bd8 {[%clk 1:04:25]} 26. Re1 {[%clk 1:07:20]} Be7
{[%clk 1:04:27]} 27. Ne5 {[%clk 1:07:17]} Qd6 {[%clk 1:02:45]} 28. Qxb7
{[%clk 1:06:54]} Qf6 {[%clk 1:02:12]} 29. Qc6 {[%clk 1:06:46]} Rd8
{[%clk 1:02:07]} 30. Qxf6 {[%clk 1:06:37]} 1-0

[Event "2016 Redpath Mining Millionaire Chess Open"]
[Site "Venue: Old Ed’s Sports Complex, Houghton, Johannesburg"]
[Date "2016.07.17"]
[Round "9"]
[Board "3"]
[White "Salimu, Reuben"]
[Black "Xulu, Lindokuhle"]
[Result "1-0"]
[WhiteElo "1949"]
[BlackElo "1775"]
[PlyCount "0"]
[EventDate "2016.07.13"]
[EventRounds "9"]
[EventCountry "RSA"]

1. d4 {[%clk 1:30:55]} Nf6 {[%clk 1:30:53]} 2. c4 {[%clk 1:31:19]} g6
{[%clk 1:31:18]} 3. Nc3 {[%clk 1:31:43]} Bg7 {[%clk 1:31:43]} 4. e4
{[%clk 1:32:08]} d6 {[%clk 1:32:05]} 5. Bd3 {[%clk 1:32:31]} e5 {[%clk 1:31:54]}
6. d5 {[%clk 1:32:53]} Nbd7 {[%clk 1:32:10]} 7. Nge2 {[%clk 1:32:18]} Nc5
{[%clk 1:31:15]} 8. Bc2 {[%clk 1:31:55]} Bd7 {[%clk 1:29:22]} 9. b4
{[%clk 1:31:35]} Na6 {[%clk 1:29:41]} 10. Rb1 {[%clk 1:31:21]} c5
{[%clk 1:29:32]} 11. a3 {[%clk 1:31:18]} Rc8 {[%clk 1:29:38]} 12. Bd3
{[%clk 1:30:31]} cxb4 {[%clk 1:28:51]} 13. axb4 {[%clk 1:30:48]} O-O
{[%clk 1:28:05]} 14. Be3 {[%clk 1:28:36]} Ra8 {[%clk 1:28:19]} 15. c5
{[%clk 1:27:31]} dxc5 {[%clk 1:27:40]} 16. Bxa6 {[%clk 1:27:53]} cxb4
{[%clk 1:27:50]} 17. Bxb7 {[%clk 1:26:56]} bxc3 {[%clk 1:24:54]} 18. Bxa8
{[%clk 1:27:14]} Qxa8 {[%clk 1:25:19]} 19. Nxc3 {[%clk 1:27:14]} Rc8
{[%clk 1:25:39]} 20. Qb3 {[%clk 1:26:19]} a5 {[%clk 1:24:38]} 21. O-O
{[%clk 1:20:46]} a4 {[%clk 1:24:42]} 22. Qb2 {[%clk 1:20:56]} h6 {[%clk 1:23:41]}
23. Rfc1 {[%clk 1:20:04]} a3 {[%clk 1:22:49]} 24. Qb3 {[%clk 1:20:06]} Kh7
{[%clk 1:22:35]} 25. f3 {[%clk 1:19:43]} Qa5 {[%clk 1:21:40]} 26. Na2
{[%clk 1:19:11]} Ra8 {[%clk 1:16:07]} 27. Bc5 {[%clk 1:18:53]} h5
{[%clk 1:14:42]} 28. Rc3 {[%clk 1:18:46]} h4 {[%clk 1:12:07]} 29. Qxa3
{[%clk 1:18:01]} Qd8 {[%clk 1:12:24]} 30. Qb3 {[%clk 1:18:10]} h3
{[%clk 1:12:30]} 31. g3 {[%clk 1:18:00]} Qa5 {[%clk 1:12:10]} 32. Nc1
{[%clk 1:15:14]} Rc8 {[%clk 1:09:37]} 33. Qb4 {[%clk 1:14:55]} Qa6
{[%clk 1:08:32]} 34. Ra3 {[%clk 1:15:00]} Nxd5 {[%clk 1:04:55]} 35. Rxa6
{[%clk 1:13:57]} Nxb4 {[%clk 1:05:20]} 36. Bxb4 {[%clk 1:14:07]} Bh6
{[%clk 1:05:42]} 37. Rd6 {[%clk 1:11:34]} Be3+ {[%clk 1:04:36]} 38. Kh1
{[%clk 1:11:06]} Ba4 {[%clk 1:03:14]} 39. Bd2 {[%clk 1:11:03]} Bc5
{[%clk 0:56:38]} 40. Rd5 {[%clk 1:09:52]} Bd1 {[%clk 0:55:01]} 41. Rb3
{[%clk 1:09:05]} Bf2 {[%clk 0:51:15]} 42. Rdd3 {[%clk 1:08:57]} Rc7
{[%clk 0:11:25]} 43. Bg5 {[%clk 1:05:09]} Bc2 {[%clk 0:10:15]} 44. Rd2
{[%clk 0:49:49]} Ba7 {[%clk 0:10:24]} 45. Rbd3 {[%clk 0:43:31]} Kg7
{[%clk 0:07:26]} 46. Ne2 {[%clk 0:39:28]} Bxd3 {[%clk 0:04:49]} 47. Rxd3
{[%clk 0:39:42]} Rc2 {[%clk 0:05:05]} 48. Ng1 {[%clk 0:35:45]} Ra2
{[%clk 0:04:29]} 49. Nxh3 {[%clk 0:35:51]} Re2 {[%clk 0:04:00]} 50. Bd2
{[%clk 0:35:11]} Kf8 {[%clk 0:03:25]} 51. Ng1 {[%clk 0:32:24]} Rf2
{[%clk 0:03:48]} 52. Be3 {[%clk 0:32:43]} Bxe3 {[%clk 0:04:14]} 53. Rxe3
{[%clk 0:33:04]} Ke7 {[%clk 0:04:37]} 54. Re2 {[%clk 0:33:17]} Rf1
{[%clk 0:05:00]} 55. Kg2 {[%clk 0:33:40]} Rc1 {[%clk 0:05:24]} 56. Ra2
{[%clk 0:33:37]} Ke6 {[%clk 0:05:45]} 57. Ra6+ {[%clk 0:33:46]} Ke7
{[%clk 0:06:03]} 58. Ra7+ {[%clk 0:33:29]} Kf6 {[%clk 0:06:20]} 59. Kf2
{[%clk 0:32:40]} Rc3 {[%clk 0:06:34]} 60. Ne2 {[%clk 0:33:01]} Rb3
{[%clk 0:06:55]} 61. Rc7 {[%clk 0:33:21]} Ke6 {[%clk 0:07:02]} 62. Rc6+
{[%clk 0:33:29]} Kd7 {[%clk 0:07:14]} 63. Ra6 {[%clk 0:33:48]} Ke7
{[%clk 0:07:32]} 64. h4 {[%clk 0:33:53]} Rb2 {[%clk 0:07:53]} 65. Rc6
{[%clk 0:32:24]} Kd7 {[%clk 0:08:09]} 66. Rc5 {[%clk 0:32:39]} Kd6
{[%clk 0:08:25]} 67. Ra5 {[%clk 0:33:01]} Ke6 {[%clk 0:08:34]} 68. g4
{[%clk 0:33:00]} Rb3 {[%clk 0:08:23]} 69. Ra6+ {[%clk 0:33:10]} Ke7
{[%clk 0:08:43]} 70. Ng1 {[%clk 0:32:51]} Kd7 {[%clk 0:08:46]} 71. Nh3
{[%clk 0:33:07]} Rb7 {[%clk 0:08:20]} 72. Ng5 {[%clk 0:32:58]} Ke7
{[%clk 0:08:40]} 73. Nh7 {[%clk 0:32:53]} f5 {[%clk 0:08:15]} 74. gxf5
{[%clk 0:31:58]} gxf5 {[%clk 0:08:31]} 75. exf5 {[%clk 0:32:19]} Kf7
{[%clk 0:08:48]} 76. Ng5+ {[%clk 0:32:40]} Kg7 {[%clk 0:08:40]} 77. f6+
{[%clk 0:32:53]} Kg6 {[%clk 0:08:20]} 78. f7+ {[%clk 0:33:09]} Kg7
{[%c

[Event "2016 Redpath Mining Millionaire Chess Open"]
[Site "Venue: Old Ed’s Sports Complex, Houghton, Johannesburg"]
[Date "2016.07.17"]
[Round "9"]
[Board "4"]
[White "Marais, Daniel"]
[Black "Mateus, Domingos"]
[Result "1/2-1/2"]
[WhiteElo "1771"]
[BlackElo "1877"]
[PlyCount "0"]
[EventDate "2016.07.13"]
[EventRounds "9"]
[EventCountry "RSA"]

1. e4 {[%clk 1:30:58]} e5 {[%clk 1:30:46]} 2. Nf3 {[%clk 1:31:22]} Nc6
{[%clk 1:31:13]} 3. d4 {[%clk 1:31:46]} exd4 {[%clk 1:30:54]} 4. Nxd4
{[%clk 1:32:11]} Bc5 {[%clk 1:31:14]} 5. Be3 {[%clk 1:32:35]} Qf6
{[%clk 1:30:08]} 6. Nb5 {[%clk 1:32:21]} Bxe3 {[%clk 1:30:28]} 7. fxe3
{[%clk 1:32:43]} Qh4+ {[%clk 1:29:31]} 8. g3 {[%clk 1:33:06]} Qxe4
{[%clk 1:29:59]} 9. Nxc7+ {[%clk 1:33:30]} Kd8 {[%clk 1:30:12]} 10. Nxa8
{[%clk 1:33:50]} Qxh1 {[%clk 1:30:33]} 11. Qd6 {[%clk 1:34:09]} Nf6
{[%clk 1:30:33]} 12. Nd2 {[%clk 1:34:29]} Qd5 {[%clk 1:30:20]} 13. Qc7+
{[%clk 1:34:54]} Ke7 {[%clk 1:30:45]} 14. O-O-O {[%clk 1:35:20]} Qxa2
{[%clk 1:31:08]} 15. Nb3 {[%clk 1:22:08]} Qa4 {[%clk 1:29:04]} 16. Qd6+
{[%clk 1:16:49]} Kd8 {[%clk 1:29:31]} 17. Qc7+ {[%clk 1:16:47]} Ke7
{[%clk 1:29:59]} 18. Qd6+ {[%clk 1:16:47]} Kd8 {[%clk 1:30:27]} 1/2-1/2

[Event "2016 Redpath Mining Millionaire Chess Open"]
[Site "Venue: Old Ed’s Sports Complex, Houghton, Johannesburg"]
[Date "2016.07.17"]
[Round "9"]
[Board "5"]
[White "Musekiwa, Michael"]
[Black "Mpya, Tshediso M"]
[Result "1/2-1/2"]
[WhiteElo "1880"]
[BlackElo "1941"]
[PlyCount "0"]
[EventDate "2016.07.13"]
[EventRounds "9"]
[EventCountry "RSA"]

1. e4 {[%clk 1:29:22]} c6 {[%clk 1:30:53]} 2. d4 {[%clk 1:29:47]} d5
{[%clk 1:31:18]} 3. e5 {[%clk 1:30:15]} c5 {[%clk 1:31:42]} 4. c3
{[%clk 1:30:38]} cxd4 {[%clk 1:32:05]} 5. cxd4 {[%clk 1:31:06]} Nc6
{[%clk 1:32:26]} 6. Nf3 {[%clk 1:31:29]} Bg4 {[%clk 1:32:48]} 7. h3
{[%clk 1:31:52]} Bxf3 {[%clk 1:33:09]} 8. gxf3 {[%clk 1:32:09]} e6
{[%clk 1:33:26]} 9. Nc3 {[%clk 1:32:19]} Qb6 {[%clk 1:33:46]} 10. Bb5
{[%clk 1:32:41]} Bb4 {[%clk 1:33:59]} 11. Qa4 {[%clk 1:32:37]} Nge7
{[%clk 1:34:08]} 1/2-1/2